[Event "Stay Safe Play From Home 227"]
[Site "T#646802Emanuel Laske"]
[Date "2020.06.15"]
[Round "5"]
[White "Haxhi Baha"]
[Black "Lamborghini"]
[Result "0-1"]
[WhiteElo "1959"]
[BlackElo "2267"]
[Annotator "TA"]
[PlyCount "68"]
[EventDate "2020.06.15"]
[EventType "swiss (blitz)"]

{[%evp 11,67,9,16,-85,7,11,25,28,76,62,66,59,78,-7,50,-8,126,-4,0,-189,-172,-193,0,-121,-120,-170,-143,-136,-37,-294,-258,-254,-242,-414,-366,-403,-374,-384,-126,-120,5504,-671,-252,-1020,-974,-29990,-29991,-29991,-29992,-29992,-29989,-29993,-29982,-29982,-12845,-12845,-12846,-29999]} 1. e4 c5 2. Nf3 d6 3. d4 cxd4 4. Nxd4 Nf6 5. Nc3 g6 6. Be2 Bg7 7. g4 {B70: Sicilian Dragon: 6 g3 and 6 Be2 (without a later Be3).} (7. Be3 $11) 7... O-O (7... Bxg4 $17 8. Be3 Bxe2 9. Qxe2 O-O) 8. g5 $11 Nfd7 9. Be3 {[#] White has an edge.} a6 $146 ({Predecessor:} 9... Nc6 10. h4 Nxd4 11. Bxd4 Bxd4 12. Qxd4 Qb6 13. Qd2 e6 14. O-O-O Qxf2 15. Qxd6 Qc5 {1-0 (37) Cubas,J (2369)-Butti,E (2238) Asuncion 2002}) 10. h4 b5 11. h5 Bb7 12. Bd3 (12. Qd2 $16) 12... Nc5 (12... Nc6 $11 13. hxg6 hxg6 14. Nxc6 Bxc6) 13. hxg6 ({White should try} 13. Qg4 $14) 13... hxg6 (13... fxg6 $11 14. Qg4 Bxd4 15. Bxd4 Nxd3+ 16. cxd3 Qd7 17. Qxd7 (17. Qh4 e5 $11) 17... Nxd7) 14. f4 ({White should play} 14. Nf5 $1 $16) 14... e5 15. Nf3 $2 (15. Nde2 $11 {and White has nothing to worry.}) 15... exf4 $19 16. Bd4 b4 $2 (16... Bxd4 $19 17. Nxd4 Qxg5) 17. Bxg7 (17. Qd2 $11 {keeps the balance.} Bxd4 18. Qh2) 17... Kxg7 $17 18. Nd5 Bxd5 19. exd5 {Black should prevent Bxg6!} Nbd7 ({Better is} 19... Rh8 $17 20. Rxh8 Qxh8) 20. Qd2 $2 {[%mdl 8192]} (20. Be2 $1 $15) 20... Ne5 21. Nxe5 dxe5 22. Qg2 $2 (22. O-O-O {was the only defense.} Qxg5 23. Qxb4 Nxd3+ 24. Rxd3) 22... Nxd3+ $19 23. cxd3 Rc8 (23... Rh8 $2 24. Rxh8 Qxh8 25. O-O-O $19) 24. Kd2 {Rh7+! is the strong threat.} f3 $2 (24... b3 $19 {and Black stays clearly on top.} 25. Rh7+ {[%mdl 64] Decoy} Kxh7 26. Qh3+ Kg8 $1 {[%mdl 512]}) 25. Qg3 $17 {aiming for Rh7+!} Qxd5 $2 {[%mdl 8192] [#]} (25... f6 $17 26. Rh4 fxg5 27. Qxe5+ Qf6 28. Qxf6+ Kxf6) 26. Rae1 $4 {[%mdl 8192]} (26. Rh7+ $3 $18 {[%mdl 512]} Kg8 (26... Kxh7 27. Qh3+) 27. Rah1 Rc2+ {[%mdl 64] Decoy} 28. Kxc2 b3+ 29. Kb1 f6 30. gxf6 {[%mdl 64] Discovered Attack} Rxf6 31. Rh8+ Kf7 32. R1h7+ Ke6 33. Qg4+ Kd6 34. Rd8+ {[%mdl 64] Skewer} Kc5 35. Rxd5+ Kxd5 36. Rd7+ Kc5 37. Qc4+ {[%mdl 64] Double Attack} Kb6 38. Qb4+ Kc6 39. Qb7+ {[%mdl 64] Double Attack} Kc5 40. Rd5#) 26... Rfd8 $2 (26... b3 27. axb3 Qa5+ 28. Ke3 f6 29. gxf6+ Rxf6) 27. Re3 $2 (27. Qxe5+ Qxe5 28. Rxe5) 27... b3 $19 {( -> ...Rc2+)} 28. Qh4 {[#]} Rh8 $1 29. Qxh8+ Rxh8 30. Rxh8 Kxh8 31. axb3 Qxb3 32. Rxf3 {KQ-KR} Kg7 (32... e4 $142 33. Re3 Qxb2+ 34. Kd1 Qc3 35. Rh3+ Kg7 36. Rh2 Qa1+ 37. Ke2 Qb2+ 38. Ke3 Qxh2 39. dxe4 a5 40. Kd3 a4 41. e5 a3 42. e6 fxe6 43. Ke4 a2 44. Kd4 a1=Q+ 45. Kd3 Qb1+ 46. Ke3 Qg3+ {[%mdl 64] Double Attack} 47. Ke2 Qbe1#) 33. Ke3 Qb6+ 34. Ke4 Qd4# {Quite a comeback for Black. Accuracy: White = 32%, Black = 32%.} 0-1

[Event "Stay Safe Play From Home 227"]
[Site "T#646802Emanuel Laske"]
[Date "2020.06.15"]
[Round "5"]
[White "EL sanbary"]
[Black "Bishop91"]
[Result "1-0"]
[WhiteElo "1926"]
[BlackElo "1621"]
[Annotator "NA RC"]
[PlyCount "83"]
[EventDate "2020.06.15"]
[EventType "swiss (blitz)"]

1. c4 {[%emt 0:00:01]} Nf6 {[%emt 0:00:02]} 2. g3 {[%emt 0:00:01]} e6 {[%emt 0:00:00]} 3. Bg2 {[%emt 0:00:01]} Bc5 {[%emt 0:00:01]} 4. Nc3 {[%emt 0:00:01]} O-O {[%emt 0:00:02]} 5. e3 {[%emt 0:00:01]} d5 {[%emt 0:00:01]} 6. cxd5 {[%emt 0:00:01]} exd5 {[%emt 0:00:01]} 7. Nge2 {[%emt 0:00:01]} c6 {[%emt 0:00:01]} 8. O-O {[%emt 0:00:01]} Bf5 {[%emt 0:00:04]} 9. d4 {[%emt 0:00:01]} Bd6 {[%emt 0:00:02]} 10. a3 {[%emt 0:00:01]} Re8 {[%emt 0:00:02]} 11. b4 {[%emt 0:00:01]} Nbd7 {[%emt 0:00:00]} 12. b5 {[%emt 0:00:01]} Nf8 {[%emt 0:00:01]} 13. bxc6 {[%emt 0:00:01]} bxc6 {[%emt 0:00:00]} 14. Na4 {[%emt 0:00:01]} Rb8 {[%emt 0:00:01]} 15. Bd2 {[%emt 0:00:01]} Ng6 {[%emt 0:00:02]} 16. Rc1 {[%emt 0:00:01]} Bd7 {[%emt 0:00:02]} 17. Nc5 {[%emt 0:00:01]} Bxc5 {[%emt 0:00:01]} 18. Rxc5 {[%emt 0:00:02]} Qb6 {[%emt 0:00:00]} 19. Qc2 {[%emt 0:00:02]} Ne4 {[%emt 0:00:02]} 20. Bb4 {[%emt 0:00:02]} Bf5 {[%emt 0:00:02]} 21. Bxe4 {[%emt 0:00:02]} Bxe4 {[%emt 0:00:01]} 22. Qc1 {[%emt 0:00:02]} Rbc8 {[%emt 0:00:03]} 23. Nc3 {[%emt 0:00:02]} Bf3 {[%emt 0:00:02]} 24. Qc2 {[%emt 0:00:03]} h5 {[%emt 0:00:03]} 25. Qf5 {[%emt 0:00:02]} Bg4 {[%emt 0:00:02]} 26. Qg5 {[%emt 0:00:02]} Qd8 {[%emt 0:00:08]} 27. Qxd8 {[%emt 0:00:02]} Rexd8 {[%emt 0:00:00]} 28. Kg2 {[%emt 0:00:01]} Rd7 {[%emt 0:00:01]} 29. Rc1 {[%emt 0:00:02]} Rd6 {[%emt 0:00:03]} 30. h3 {[%emt 0:00:03]} Be6 {[%emt 0:00:01]} 31. Na4 {[%emt 0:00:01]} Ne7 {[%emt 0:00:03]} 32. Nc3 {[%emt 0:00:03]} Kf8 {[%emt 0:00:00]} 33. Ne2 {[%emt 0:00:01]} Nf5 {[%emt 0:00:01]} 34. Nf4 {[%emt 0:00:01]} Ne7 {[%emt 0:00:00]} 35. Nxh5 {[%emt 0:00:01]} g6 {[%emt 0:00:01]} 36. Nf4 {[%emt 0:00:01]} f5 {[%emt 0:00:00]} 37. Nxe6+ {[%emt 0:00:02]} Rxe6 {[%emt 0:00:00]} 38. Kf3 {[%emt 0:00:01]} Kf7 {[%emt 0:00:01]} 39. Ra5 {[%emt 0:00:01]} Kf6 {[%emt 0:00:00]} 40. Rxa7 {[%emt 0:00:01]} g5 {[%emt 0:00:01]} 41. Bxe7+ {[%emt 0:00:02]} Rxe7 {[%emt 0:00:02]} 42. Rxe7 {[%emt 0:00:00] Time (Lag: Av=0.39s, max=4.3s)} 1-0

[Event "Stay Safe Play From Home 227"]
[Site "T#646802Emanuel Laske"]
[Date "2020.06.15"]
[Round "5"]
[White "Zitnik"]
[Black "Lazieri3"]
[Result "0-1"]
[WhiteElo "1855"]
[BlackElo "2111"]
[Annotator "TA"]
[PlyCount "136"]
[EventDate "2020.06.15"]
[EventType "swiss (blitz)"]

{[%evp 9,135,-10,19,0,1,6,8,4,17,0,54,49,50,-31,29,16,22,-7,41,0,22,32,58,59,43,15,37,7,66,27,50,20,94,106,117,115,162,11,93,97,112,112,123,115,189,85,324,324,306,315,241,0,320,291,316,-6,142,170,263,-454,-433,-1229,-1248,-1690,-1623,-1700,-1470,-1700,-733,-29988,-1883,-1801,-1714,-29984,-29985,-29988,-29989,-29989,-29989,-29989,-29990,-29991,-29991,-29992,-29991,-29991,-29990,-29990,-29988,-29989,-29987,-29991,-29986,-29992,-29986,-29986,-29987,-29987,-29988,-29990,-29989,-29990,-29991,-29993,-29992,-29994,-29992,-29992,-29993,-29994,-29995,-29995,-29996,-29996,-29997,-29997,-29998,-29998,-29998,-29998,-29998,-29998,-29997,-29998,-29998,-29998,-29999,-29999]} 1. b3 c6 2. Bb2 d5 3. g3 Nf6 4. Bg2 Bf5 5. e3 {[#]} Qc8 $146 ({Predecessor:} 5... Nbd7 6. Ne2 g6 7. d4 Bg7 8. c4 dxc4 9. bxc4 O-O 10. Nbc3 Qb6 11. Qd2 a5 12. O-O {1-0 (62) Drescher,W (1480)-Baum,F (1317) Playchess.com INT 2020}) 6. Ne2 {A00: Irregular Openings.} Bh3 7. Nf4 Bxg2 8. Nxg2 {The position is equal.} h6 9. O-O Qh3 (9... Nbd7 $11) 10. Bxf6 $14 exf6 11. f4 (11. c4 $14) 11... Bc5 ({Black should try} 11... f5 $15) 12. d4 Bb6 13. Qf3 O-O 14. c4 dxc4 15. bxc4 Nd7 16. c5 Bc7 17. Na3 Rfd8 18. Nc4 Nf8 (18... Qe6 $11 19. Rfc1 f5) 19. Rab1 Rab8 20. Rb2 Ne6 (20... Qe6 $11 {remains equal.} 21. Rc1 f5) 21. Rfb1 $36 {[%mdl 2048] White is on the roll.} b5 22. cxb6 axb6 23. Nxb6 $2 (23. Qxc6 $18 {Threatens to win with d5.} Qh5 24. a4) 23... Bxb6 (23... Qf5 $11) 24. Rxb6 Rxb6 25. Rxb6 c5 26. d5 Nc7 (26... Nf8 $16) 27. e4 (27. f5 $1 $18) 27... f5 $2 (27... Qd7 $16) 28. d6 $1 $18 {[%cal Rd6c7]} Ne6 {[#]} 29. e5 $1 Nd4 30. Qd5 $2 (30. Qd1 $18) 30... Ne2+ $2 {[%mdl 8192]} (30... Qh5 $11 31. Rb1 Ne2+ 32. Kf2 Nc3 {[%mdl 64] Double Attack}) 31. Kf2 Nc3 32. Qc4 $2 ({White should play} 32. Qf3 $18 Ne4+ 33. Kg1) 32... Ne4+ (32... Nd1+ $1 $11 33. Kg1 Qxg2+ {[%mdl 64] Remove Defender, Decoy} 34. Kxg2 Ne3+ {[%mdl 64] Double Attack} 35. Kf2 Nxc4) 33. Kg1 $16 Qg4 (33... Qh5 $142) 34. Rb7 $4 {[%mdl 8192]} (34. Qf1 $18 {avoids the disaster.}) 34... Qd1+ $19 35. Ne1 (35. Qf1 $142 Qd4+ 36. Kh1) 35... Qxe1+ 36. Qf1 Qe3+ 37. Kg2 Qd2+ 38. Kh3 Qd5 (38... Nf2+ $142 39. Kh4 Ne4) 39. d7 Ng5+ (39... Qxb7 $142 40. Qe2 Rxd7 41. e6 Rd2 42. exf7+ Kf8 43. Qf1 g5 44. g4 Nf2+ 45. Qxf2 Rxf2 46. fxg5 {[#]} Qg2+ $1 {[%mdl 576] Double Attack} 47. Kh4 Qxg4#) 40. fxg5 Qxb7 41. Qxf5 Qxd7 {Black mates.} 42. Qxd7 Rxd7 {[%mdl 4096] Endgame KR-KP} 43. e6 Re7 44. exf7+ Kxf7 45. Kg2 hxg5 {KR-K3P} 46. h4 Re4 47. hxg5 Re2+ 48. Kf3 Rxa2 {KR-KPP} 49. Kf4 Kg6 50. Ke5 Ra4 51. Kd6 Ra3 52. Kxc5 Rxg3 53. Kd5 Rxg5+ {KR-K} 54. Kd6 Rf5 55. Kd7 Rf6 56. Kd8 Kf5 57. Ke8 g6 58. Ke7 g5 59. Kd7 g4 60. Kc7 g3 61. Kb7 g2 62. Ka7 g1=Q+ 63. Kb8 Qd4 64. Kc7 Rd6 65. Kb8 Rd5 66. Kc8 Rc5+ 67. Kb7 Qb4+ 68. Ka6 Ra5# {Accuracy: White = 36%, Black = 43%.} 0-1

[Event "Stay Safe Play From Home 227"]
[Site "T#646802Emanuel Laske"]
[Date "2020.06.15"]
[Round "5"]
[White "Trotsky"]
[Black "Masler"]
[Result "0-1"]
[WhiteElo "1548"]
[BlackElo "1818"]
[Annotator "NA RC"]
[PlyCount "82"]
[EventDate "2020.06.15"]
[EventType "swiss (blitz)"]

1. d4 {[%emt 0:00:01]} d5 {[%emt 0:00:01]} 2. e3 {[%emt 0:00:00]} Bf5 {[%emt 0:00:01]} 3. c4 {[%emt 0:00:01]} Bxb1 {[%emt 0:00:01]} 4. Rxb1 {[%emt 0:00:01]} dxc4 {[%emt 0:00:00]} 5. Bxc4 {[%emt 0:00:01]} e6 {[%emt 0:00:00]} 6. Qc2 {[%emt 0:00:01]} c6 {[%emt 0:00:01]} 7. Nf3 {[%emt 0:00:01]} Qf6 {[%emt 0:00:01]} 8. Bd3 {[%emt 0:00:00]} Bb4+ {[%emt 0:00:02]} 9. Bd2 {[%emt 0:00:01]} Bxd2+ {[%emt 0:00:01]} 10. Kxd2 {[%emt 0:00:01]} Qe7 {[%emt 0:00:01]} 11. h4 {[%emt 0:00:01]} Nf6 {[%emt 0:00:01]} 12. Ng5 {[%emt 0:00:02]} Nbd7 {[%emt 0:00:02]} 13. Rbe1 {[%emt 0:00:03]} Nd5 {[%emt 0:00:01]} 14. a3 {[%emt 0:00:03]} N7b6 {[%emt 0:00:02]} 15. Kc1 {[%emt 0:00:01]} h6 {[%emt 0:00:02]} 16. Nf3 {[%emt 0:00:01]} O-O-O {[%emt 0:00:01]} 17. Kb1 {[%emt 0:00:02]} Nf6 {[%emt 0:00:02]} 18. Rc1 {[%emt 0:00:01]} Ng4 {[%emt 0:00:01]} 19. Rhf1 {[%emt 0:00:03]} Kb8 {[%emt 0:00:03]} 20. Qb3 {[%emt 0:00:03]} Qd7 {[%emt 0:00:02]} 21. Rc3 {[%emt 0:00:03]} Qd5 {[%emt 0:00:01]} 22. Rfc1 {[%emt 0:00:01]} Qxb3 {[%emt 0:00:01]} 23. Rxb3 {[%emt 0:00:01]} Rd7 {[%emt 0:00:00]} 24. e4 {[%emt 0:00:02]} Rhd8 {[%emt 0:00:01]} 25. d5 {[%emt 0:00:01]} Nxf2 {[%emt 0:00:02]} 26. dxc6 {[%emt 0:00:03]} bxc6 {[%emt 0:00:01]} 27. Rxc6 {[%emt 0:00:02]} Nxd3 {[%emt 0:00:02]} 28. a4 {[%emt 0:00:05]} Rb7 {[%emt 0:00:02]} 29. a5 {[%emt 0:00:02]} Na8 {[%emt 0:00:03]} 30. Rxb7+ {[%emt 0:00:05]} Kxb7 {[%emt 0:00:01]} 31. Rc3 {[%emt 0:00:01]} Nf4 {[%emt 0:00:03]} 32. Ne5 {[%emt 0:00:01]} Rc8 {[%emt 0:00:02]} 33. Rxc8 {[%emt 0:00:01]} Kxc8 {[%emt 0:00:01]} 34. Nxf7 {[%emt 0:00:01]} Nd3 {[%emt 0:00:01]} 35. g4 {[%emt 0:00:01]} Kd7 {[%emt 0:00:02]} 36. Nh8 {[%emt 0:00:01]} Nf2 {[%emt 0:00:01]} 37. Ng6 {[%emt 0:00:01]} Nxe4 {[%emt 0:00:01]} 38. g5 {[%emt 0:00:01]} hxg5 {[%emt 0:00:01]} 39. hxg5 {[%emt 0:00:01]} Nxg5 {[%emt 0:00:00]} 40. Kc2 {[%emt 0:00:01]} Nf7 {[%emt 0:00:00]} 41. Kd3 {[%emt 0:00:01]} Kd6 {[%emt 0:00:00] Âðåìÿ (Lag: Av=0.72s, max=4.5s)} 0-1

[Event "Stay Safe Play From Home 227"]
[Site "T#646802Emanuel Laske"]
[Date "2020.06.15"]
[Round "5"]
[White "Klasman"]
[Black "Ironmike"]
[Result "0-1"]
[WhiteElo "1282"]
[BlackElo "1840"]
[Annotator "NA RC"]
[PlyCount "64"]
[EventDate "2020.06.15"]
[EventType "swiss (blitz)"]

1. f4 {[%emt 0:00:02]} b6 {[%emt 0:00:00]} 2. Nf3 {[%emt 0:00:01]} Bb7 {[%emt 0:00:00]} 3. e3 {[%emt 0:00:01]} d6 {[%emt 0:00:00]} 4. c4 {[%emt 0:00:01]} Nf6 {[%emt 0:00:00]} 5. Nc3 {[%emt 0:00:01]} e5 {[%emt 0:00:01]} 6. fxe5 {[%emt 0:00:02]} dxe5 {[%emt 0:00:00]} 7. d3 {[%emt 0:00:02]} Bd6 {[%emt 0:00:01]} 8. Be2 {[%emt 0:00:01]} O-O {[%emt 0:00:00]} 9. Bd2 {[%emt 0:00:01]} Nbd7 {[%emt 0:00:01]} 10. O-O {[%emt 0:00:01]} c5 {[%emt 0:00:01]} 11. e4 {[%emt 0:00:01]} Ne8 {[%emt 0:00:02]} 12. Bg5 {[%emt 0:00:02]} Be7 {[%emt 0:00:02]} 13. Qd2 {[%emt 0:00:02]} f6 {[%emt 0:00:01]} 14. Bh4 {[%emt 0:00:02]} f5 {[%emt 0:00:01]} 15. Bxe7 {[%emt 0:00:04]} Qxe7 {[%emt 0:00:01]} 16. Nd5 {[%emt 0:00:01]} Bxd5 {[%emt 0:00:00]} 17. cxd5 {[%emt 0:00:02]} fxe4 {[%emt 0:00:01]} 18. dxe4 {[%emt 0:00:01]} Rd8 {[%emt 0:00:01]} 19. Qg5 {[%emt 0:00:05]} Qxg5 {[%emt 0:00:03]} 20. Nxg5 {[%emt 0:00:01]} Nd6 {[%emt 0:00:00]} 21. Ne6 {[%emt 0:00:02]} Rxf1+ {[%emt 0:00:02]} 22. Rxf1 {[%emt 0:00:01]} Re8 {[%emt 0:00:01]} 23. Bf3 {[%emt 0:00:02]} Nf6 {[%emt 0:00:03]} 24. Re1 {[%emt 0:00:06]} h6 {[%emt 0:00:04]} 25. g4 {[%emt 0:00:02]} g5 {[%emt 0:00:02]} 26. a4 {[%emt 0:00:03]} a6 {[%emt 0:00:03]} 27. a5 {[%emt 0:00:01]} bxa5 {[%emt 0:00:02]} 28. Ra1 {[%emt 0:00:01]} Rb8 {[%emt 0:00:01]} 29. Rxa5 {[%emt 0:00:01]} Rxb2 {[%emt 0:00:01]} 30. Rxa6 {[%emt 0:00:01]} Ndxe4 {[%emt 0:00:02]} 31. Ra8+ {[%emt 0:00:01]} Kf7 {[%emt 0:00:03]} 32. Bxe4 {[%emt 0:00:01]} Nxe4 {[%emt 0:00:02] Time (Lag: Av=0.42s, max=3.1s)} 0-1

[Event "Stay Safe Play From Home 227"]
[Site "T#646802Emanuel Laske"]
[Date "2020.06.15"]
[Round "6"]
[White "Mepe_Nika"]
[Black "Broken sword"]
[Result "1-0"]
[WhiteElo "2330"]
[BlackElo "2464"]
[Annotator "TA"]
[PlyCount "127"]
[EventDate "2020.06.15"]
[EventType "swiss (blitz)"]

{[%evp 9,126,58,85,52,33,25,59,58,88,92,155,150,156,15,120,19,22,20,53,20,22,22,16,17,26,12,14,0,19,10,19,7,32,-16,10,16,18,0,18,8,38,0,30,8,14,-27,0,0,992,11,4,0,0,-12,0,0,0,0,0,0,0,-45,-27,-75,-72,-122,-122,-117,-121,-106,0,-224,-216,-266,-177,-262,-263,-262,-247,-384,-217,-228,-201,-260,91,80,591,583,685,652,1569,612,29990,29991,29991,29992,29992,29993,29992,29993,29993,29992,29992,29993,29993,29993,29993,29994,29994,29994,29995,29994,29995,29996,29996,29997,29997,29998,29999]} 1. d4 d5 2. Bf4 c6 3. e3 Nf6 4. c4 Bg4 5. Qb3 b6 6. Nc3 {D10: Slav Defence: 3 cxd5 (without early Nf3) and 3 Nc3.} e6 {[#]} 7. Be2 $146 ({Predecessor:} 7. h3 Bh5 8. Be2 Bxe2 9. Ngxe2 Be7 10. O-O O-O 11. Rac1 c5 12. dxc5 bxc5 13. Rfd1 {1-0 (27) Comeron Galan,D (1576)-Ramirez Nebot,E (1097) Madrid 2017}) 7... Bf5 8. Nf3 {White is slightly better.} Be7 9. Ne5 Nfd7 (9... O-O $142) 10. cxd5 $16 exd5 11. O-O (11. Nxc6 $16 Nxc6 12. Qxd5 {[%mdl 64] Double Attack}) 11... O-O (11... Nxe5 $11 12. Bxe5 O-O) 12. Rac1 (12. Nxc6 $1 $16 Nxc6 13. Qxd5 {[%mdl 64] Double Attack} Nxd4 14. exd4) 12... Nxe5 $11 13. Bxe5 Bd6 14. Bxd6 Qxd6 15. Qd1 Nd7 16. Bd3 Bg6 17. a3 Rac8 18. b4 Nf6 19. Bxg6 hxg6 20. Qd3 Rfe8 21. Rb1 Re7 (21... Qd7 {looks sharper.} 22. Rfc1 g5 23. Rb2 g6 24. Rbc2 Kg7) 22. Rfc1 Rec7 23. a4 Qd7 24. Ne2 Qd6 25. Nf4 Ne4 26. f3 Nf6 27. Qc2 Re7 28. Rb3 Qe6 $2 {[%mdl 8192]} (28... g5 $11 29. Ne2 g4) 29. Re1 $2 (29. Nxe6 $18 Rxe6 30. Rc3) 29... Qd6 30. Rc1 g5 31. Nd3 g4 32. Ne5 {[%cal Re5c6]} gxf3 33. gxf3 {[%cal Re5c6]} c5 34. bxc5 bxc5 35. Kh1 (35. Qf5 $5 {[%cal Rf5c8]} Rce8 36. Rxc5 $11) 35... c4 36. Rc3 Nd7 37. f4 Nf6 ({Don't do} 37... Nxe5 38. fxe5 Qe6 39. Qg2 $11) 38. Qg2 Ne4 $1 {[%cal Re4c3]} 39. R3c2 f6 ({Black should try} 39... Qe6 $17 40. Rg1 g6) 40. Nf3 $2 (40. Ng6 $11) 40... Qe6 $19 41. Rg1 Rb7 42. Nh4 (42. Nd2 $142) 42... Rcb8 43. f5 Qd6 44. Qg6 (44. a5 {keeps fighting.}) 44... Qd7 (44... Qa3 $142 45. Qg2 Qxe3) 45. Rcg2 Qe8 46. Qg4 {[#]} Qf7 $2 {[#]} (46... c3 $1 $19 {White must now prevent ...Rc8.} 47. Ng6 Rb1) 47. Ng6 $1 $40 {[%mdl 128] White has strong attack.} Rb1 $2 {[%mdl 8192]} (47... Qe8 $16 {holds on.}) 48. Qh5 $18 {[%csl Gg6][%cal Rh5h8]} Rxg1+ 49. Rxg1 {[%csl Gg6][%cal Rh5h8]} Nf2+ 50. Kg2 {[%csl Gg6][%cal Rh5h8]} Qxg6+ 51. fxg6 {White mates.} Kf8 52. Qh8+ Ke7 53. Qxb8 Ne4 54. Qb7+ Ke6 55. Qxa7 Kf5 {[#]} 56. Qf7 $1 Ng5 57. Qxg7 c3 58. Qd7+ Ke4 59. g7 Nf3 60. Rc1 Kxe3 61. Rxc3+ Kxd4 62. Rxf3 f5 63. g8=Q {[%csl Gd7][%cal Rg8d5]} f4 64. Qdxd5# {A wild game. Accuracy: White = 57%, Black = 54%.} 1-0

[Event "Stay Safe Play From Home 227"]
[Site "T#646802Emanuel Laske"]
[Date "2020.06.15"]
[Round "6"]
[White "little champs"]
[Black "Lamborghini"]
[Result "1-0"]
[WhiteElo "2281"]
[BlackElo "2272"]
[Annotator "TA"]
[PlyCount "67"]
[EventDate "2020.06.15"]
[EventType "swiss (blitz)"]

{[%evp 11,67,17,13,2,56,52,70,65,85,30,106,61,87,31,36,39,81,-306,-312,-402,-387,-381,-370,-394,-377,-400,-427,-426,-401,-427,-417,-383,-414,-418,-357,-391,-387,-495,-488,-487,-423,-449,-482,-482,-471,-598,-602,-552,-143,-140,158,171,287,287,287,278,29993,29994]} 1. d4 g6 2. e3 Bg7 3. Nf3 d6 4. Be2 f5 5. O-O Nf6 6. b3 O-O 7. Bb2 {A80: Dutch Defence: Unusual White second moves.} Kh8 ({Black should play} 7... e6 $11) 8. c4 $14 {[#]} Be6 $146 ({Predecessor:} 8... c6 9. Nbd2 Na6 10. Qc2 Bd7 11. a3 Nc7 12. Rfe1 Ne6 13. Rac1 Rf7 14. b4 Kg8 {1-0 (43) Mikhalevski,V (2504)-Herman,M (2383) Caleta 2017}) 9. Nc3 {White is slightly better.} Bg8 10. d5 (10. Qc2 $16) 10... c5 (10... c6 $11 {keeps the balance.}) 11. Rc1 a6 12. Nd2 (12. Qd2 $16) 12... Nbd7 13. e4 fxe4 14. Ndxe4 $2 {[%mdl 8192]} (14. Ncxe4 $16 {stays on course.} b5 15. Qc2) 14... Nxe4 $19 15. Nxe4 Bxb2 16. Rc2 Bg7 17. Ng5 e5 18. dxe6 Qxg5 19. exd7 Rad8 20. Bg4 h5 21. Bh3 Be5 22. g3 h4 23. Kh1 {[#] f4 is the strong threat.} hxg3 24. fxg3 Rxf1+ 25. Qxf1 Qf6 26. Rf2 Qe7 27. Qe2 Kg7 28. Qg4 d5 29. Re2 dxc4 $2 (29... Qf6 $19 {has better winning chances.} 30. Re1 dxc4 31. bxc4 Bd4) 30. Qe4 $17 Rxd7 $2 {[%mdl 8192]} (30... cxb3 $17 {keeps the pressure on.} 31. axb3 Bxb3 32. Qxe5+ Qxe5 33. Rxe5 Kf7 34. Rxc5 Be6 35. Bxe6+ Kxe6) 31. Bxd7 $16 Qxd7 (31... cxb3 {keeps fighting.} 32. axb3 Qxd7 33. Qxe5+ {[%mdl 64] Double Attack} Kh7) 32. Qxe5+ $18 {[%mdl 64] [#] Double Attack} Kh7 33. Qe7+ Kh6 $2 (33... Qxe7 $18 34. Rxe7+ Kh6) 34. Qxd7 {Accuracy: White = 57%, Black = 42%.} 1-0

[Event "Stay Safe Play From Home 227"]
[Site "T#646802Emanuel Laske"]
[Date "2020.06.15"]
[Round "6"]
[White "SoulofWolf"]
[Black "Haxhi Baha"]
[Result "1-0"]
[WhiteElo "2206"]
[BlackElo "1954"]
[Annotator "TA"]
[PlyCount "73"]
[EventDate "2020.06.15"]
[EventType "swiss (blitz)"]

{[%evp 12,73,0,-5,13,12,33,27,25,37,25,25,108,100,114,99,91,93,110,112,124,83,240,253,240,137,140,140,257,247,343,237,375,258,310,251,300,293,356,349,495,504,592,586,662,654,611,472,724,709,668,496,1165,1164,5235,5235,6153,6120,5721,5650,6165,6137,29987,29988]} 1. c3 d5 2. d4 e6 3. Nf3 c5 4. Nbd2 Nc6 5. g3 Nf6 6. Bg2 Bd6 7. O-O Qe7 {D02: 1 d4 d5 2 Nf3 sidelines, including 2...Nf6 3 g3 and 2...Nf6 3 Bf4.} 8. Re1 {[#]} O-O $146 ({Predecessor:} 8... cxd4 9. Nxd4 Nxd4 10. cxd4 Bd7 11. e4 dxe4 12. Nxe4 Nxe4 13. Bxe4 Rb8 14. Qd3 h6 15. Be3 {1-0 (34) Billmann,A (1856)-Diller,P (1832) Germany 2005}) 9. e4 dxe4 {White has an edge.} 10. Nxe4 Nxe4 11. Rxe4 f5 (11... cxd4 $11 12. Nxd4 (12. cxd4 Qd8 $14) 12... Rd8) 12. Re1 $16 cxd4 13. Nxd4 Nxd4 14. Qxd4 Bc5 15. Qc4 Bd7 16. a4 Bc6 $2 {[#] This move loses the game for Black.} (16... Rac8 $16 17. Qe2 b6) 17. Bxc6 $18 ({Don't take} 17. Qxe6+ $6 Qxe6 18. Rxe6 Bxg2 $16) 17... bxc6 18. Qxe6+ (18. b4 $18 Bd6 19. Rxe6) 18... Qxe6 $16 19. Rxe6 Rad8 (19... Rfe8 $16 {might work better.} 20. Rxc6 Re1+ 21. Kg2 Be7) 20. Bf4 (20. Rxc6 $6 Rd1+ 21. Kg2 Bd6 $16) 20... Rd3 21. Rae1 ({Don't do} 21. Rxc6 Bb6) 21... h6 (21... Rc8 $142 22. Re8+ Rxe8 23. Rxe8+ Kf7) 22. h4 Rfd8 23. R1e2 Rd1+ 24. Kg2 Kf7 25. Rxc6 Bb6 (25... Bd6 {is a better defense.} 26. Ra6 Rd7) 26. c4 $18 R8d3 27. b4 Rb1 28. c5 Bd8 29. Rc8 Bf6 (29... Rxb4 $142 30. c6 Bb6) 30. Rc7+ Kg6 31. Rb7 Rxb4 (31... Rc3 $142 32. a5 Rc4) 32. Rxb4 Ra3 33. c6 Rc3 34. c7 Kh5 35. Re1 g5 36. hxg5 hxg5 37. Rc1 {Accuracy: White = 56%, Black = 23%.} 1-0